|
|
|
|
| LEADER |
01031nta a2200253 i 4500 |
| 001 |
dokt2680 |
| 005 |
20200423083925.0 |
| 008 |
150714s2016 hu om 0|| eng d |
| 024 |
7 |
|
|a 10.14232/phd.2680
|2 doi
|
| 024 |
7 |
|
|a 2918378
|2 mtmt
|
| 040 |
|
|
|a SZTE Doktori Repozitórium
|b hun
|
| 041 |
|
|
|a eng
|
| 100 |
1 |
|
|a Németh József
|
| 245 |
1 |
0 |
|a Geometric and Visual Reconstruction of Binary Shapes
|h [elektronikus dokumentum] /
|c Németh József
|
| 246 |
1 |
0 |
|a Bináris képek geometriai és vizuális helyreállítása
|h [elektronikus dokumentum]
|
| 260 |
|
|
|c 2016-03-10
|
| 502 |
|
|
|a Disszertacio
|
| 650 |
|
4 |
|a matematika- és számítástudományok
|
| 650 |
|
4 |
|a Matematika
|
| 700 |
0 |
1 |
|a Csirik János
|e ths
|
| 700 |
0 |
1 |
|a Kató Zoltán
|e ths
|
| 856 |
4 |
0 |
|u https://doktori.bibl.u-szeged.hu/id/eprint/2680/1/dissertation.pdf
|z Dokumentum-elérés
|
| 856 |
4 |
0 |
|u https://doktori.bibl.u-szeged.hu/id/eprint/2680/2/thesis.pdf
|z Dokumentum-elérés
|
| 856 |
4 |
0 |
|u https://doktori.bibl.u-szeged.hu/id/eprint/2680/3/thesis_hun.pdf
|z Dokumentum-elérés
|